Datum a čas kvízu
21
Celkem bodů
Celkový počet nahraných bodů na tomto kvízu bez doplňovacích otázek.
7.
Pořadí na kvízu
Konečné umístění týmu na tomto kvízu.
Zaznamenané odpovědi
| # | Otázka | Odpověď | Body | Výsledky |
|---|---|---|---|---|
| 1. | Při jednání pražského zastupit... | 1 | ||
| 2. | Vévodkyně a vévoda z Cambridge... | 0.5 | ||
| 3. | V nové znělce, která bude slav... | 0 | ||
| 4. | Ekologickou anticenu Ropák rok... | 0 | ||
| 5. | „Dejte mu Zlatý míč, musíte mu... | 0 | ||
| 6. | V každé z otázek v tomto témat... | 0 | ||
| 7. | Filmy s premiérou v roce 2015. | 0 | ||
| 8. | Osoby narozené před rokem 1900... | 1 | ||
| 9. | Živočišné druhy v Orwellově Fa... | 0 | ||
| 10. | Obrazy Leonarda da Vinciho. | 0 |